000
00322nam a2200133Ia 4500
008
220217s9999||||xx |||||||||||||| ||und||
020
_a
0-12-440651-3
082
_a
621.392 FOO
100
_a
Fook Lee, Weng
_9
4780
245
0
_a
VHDL
260
_a
Academic press
_b
San Diego
_c
2000
300
_b
225
650
_a
VHDL
999
_c
174586
_d
174586